banner-ar

التحولات الاجتماعية و السياسية فى اللملكة المتوسطة : (Record no. 60182)

MARC details
000 -الفاتح
حقل البيانات ثابتة الطول 01147nam a22002537a 4500
005 - وقت وتاريخ اخر تعامل مع التسجيلة
رقم الضبط 20240530110357.0
008 - عناصر البيانات ثابتة الطول - معلومات عامة
حقل البيانات ثابتة الطول 150111s2008 ua f 000 0 ara d
017 ## - رقم الايداع القانونى
رقم الايداع القانونى 2008/20876
المصدر ( الهيئة المختصة) مصر . دار الكتب المصرية
020 ## - الرقم الدولى المعيارى للكتب
الرقم الدولى المعيارى للكتاب 9775130506
040 ## - مصدر الفهرسة
وكالة الفهرسة الأصلية EG-CaGPL
041 0# - رمز اللغة
رمز لغة النص/ المسارات الصوتية أو العنوان الانفرادي ara
082 04 - رقم تصنيف ديوى العشرى
رقم الطبعة 21
رقم التصنيف 305.5
رقم المادة ق/ر ت
100 1# - المدخل الرئيسى - إسم شخصى
الإسم الشخصى ريتشارد ، جانتيت
245 12 - بيان العنوان
العنوان التحولات الاجتماعية و السياسية فى اللملكة المتوسطة :
بقية العنوان 2040 - 1650 ق . م /
بيان المسئوليه,etc تاليف جانيت ريتشارد ؛ ترجمة رفعت السيد على
250 ## - بيان الطبعة
بيان الطبعة ط1
260 ## - PUBLICATION, DISTRIBUTION, ETC. (IMPRINT)
تاريخ النشر أو التوزيع 2008
300 ## - الوصف المادى
التعداد 270 ص ؛
أبعاد الوعاء 19 سم
650 04 - المدخل الاضافى بالموضوع-مصطلح موضوعى
مصطلح موضوعي مصر القديمة
التقسيم الفرعي العام تاريخ
التقسيم الفرعي الزمني عصر المملكة المتوسطة
التقسيم الفرعي العام الاحوال الاجتماعية
650 04 - المدخل الاضافى بالموضوع-مصطلح موضوعى
مصطلح موضوعي مصر القديمة
التقسيم الفرعي العام تاريخ
التقسيم الفرعي الزمني عصر المملكة المتوسطة
التقسيم الفرعي العام الاحوال السياسية
650 04 - المدخل الاضافى بالموضوع-مصطلح موضوعى
مصطلح موضوعي الطبقات الاجتماعية
التقسيم الفرعي الجغرافي مصر القديمة
700 0# - المدخل الاضافى - اسم شخصى
الإسم الشخصى رفعت السيد على
الدور مترجم
942 ## - عناصر المدخل الإضافي( كوها)
مصدر التصنيف او مخطط الترفيف Dewey Decimal Classification
Koha [default] item type كتاب
260 ## - PUBLICATION, DISTRIBUTION, ETC. (IMPRINT)
-- القاهرة :
-- سنابل ،
Holdings
حالة التراجع حالة الفقد حالة تلف ليس للاعارة المكان المؤقت الموقع الحالى تاريخ الاكتساب اجمالي اﻻعارات رقم الطلب الباركود تاريخ اخر مشاهدة تاريخ تفعيل السعر نوع وعاء كوها
        مكتبة القاهرة الكبرى مكتبة القاهرة الكبرى 01/11/2015   305.5 ق/ر ت 159183 01/11/2015 01/11/2015 كتاب

Powered By

EGPV